000 00242nam a22001097a 4500
082 _a001
100 _aMaheshwari, Jagatsingh
_980113
245 _aMadhya Pradesh
260 _aMeerut
_bArihant Pra
_c2019
650 _aG K
_917291
942 _cBK
999 _c63585
_d63585